Medical millennium ... (Record no. 38419)

MARC details
000 -LEADER
fixed length control field 00631cam a22002171 4500
001 - CONTROL NUMBER
control field med47001813
003 - CONTROL NUMBER IDENTIFIER
control field DLC
005 - DATE AND TIME OF LATEST TRANSACTION
control field 20260227111603.0
008 - FIXED-LENGTH DATA ELEMENTS--GENERAL INFORMATION
fixed length control field 820128s1947 xx 000 0 eng
010 ## - LIBRARY OF CONGRESS CONTROL NUMBER
LC control number med47001813
035 ## - SYSTEM CONTROL NUMBER
System control number (OCoLC)14665744
040 ## - CATALOGING SOURCE
Original cataloging agency DLC
Transcribing agency DNLM
Modifying agency DLC
042 ## - AUTHENTICATION CODE
Authentication code premarc
050 00 - LIBRARY OF CONGRESS CALL NUMBER
Classification number RM217
Item number .H312
060 0# - NATIONAL LIBRARY OF MEDICINE CALL NUMBER
Classification number W6
Item number P3 v.5763
100 1# - MAIN ENTRY--PERSONAL NAME
Personal name Hay, William Howard,
Dates associated with a name 1866-1940.
245 10 - TITLE STATEMENT
Title Medical millennium ...
260 ## - PUBLICATION, DISTRIBUTION, ETC.
Place of publication, distribution, etc. West Palm Beach, Fla. [etc.]
Name of publisher, distributor, etc. Dr. William Howard Hay foundation,
Date of publication, distribution, etc. c1947.
300 ## - PHYSICAL DESCRIPTION
Extent 27 p.
500 ## - GENERAL NOTE
General note Also published as pt. 1 of the author's Yours for good health.

No items available.

Powered by Koha